000 00257nam a22001097a 4500
008 170124b xxu||||| |||| 00| 0 eng d
020 _a9780803607712
041 _aeng
080 _24TH
_a618.2
245 _aTHE MEDICAL INTEVRIEW
_cBLOCK. M.R
942 _2udc
_cBK
999 _c3490
_d3490